00575nam a2200169Ia 4500008004100000020001500041041001200056082001600068100001200084245005300096260003900149300000800188650001600196942000700212999001500219952017100234221030s9999 xx 000 0 und d a812031445X aEnglish a105.23bMal aR. Mall 0aFundamentals of Software Engineeringcby R. Mall bPearson EducationaNew Delhic1999 a221 aBE Computer cBK c2501d2501 pBE 1299g125.00l0o105.23 Malr2024-06-13 00:00:00w2022-10-30yBK003Print4070aMIETLIBbMIETLIBcBL-Academic Block C, FL-2, CUP-91, SH-3, R-3d2000-04-2710HBE